Fr. Conceicao Rodrigues College of Engineering

Engineering Physics i (Record no. 35970)

MARC details
000 -LEADER
fixed length control field 00361nam a22001577a 4500
003 - CONTROL NUMBER IDENTIFIER
control field OSt
005 - DATE AND TIME OF LATEST TRANSACTION
control field 20231102142145.0
008 - FIXED-LENGTH DATA ELEMENTS--GENERAL INFORMATION
fixed length control field 231102b |||||||| |||| 00| 0 eng d
040 ## - CATALOGING SOURCE
Transcribing agency
050 ## - LIBRARY OF CONGRESS CALL NUMBER
Classification number 530 / BAW
082 ## - DEWEY DECIMAL CLASSIFICATION NUMBER
Edition number 7
Classification number 530/BAW
245 ## - TITLE STATEMENT
Title Engineering Physics i
Statement of responsibility, etc. Swati Bawra
250 ## - EDITION STATEMENT
Edition statement 7
260 ## - PUBLICATION, DISTRIBUTION, ETC.
Name of publisher, distributor, etc. p.Jamnadas
942 ## - ADDED ENTRY ELEMENTS (KOHA)
Source of classification or shelving scheme Dewey Decimal Classification
Koha item type BOOK
Edition 7
Call number prefix 530
Call number suffix BAW
Suppress in OPAC No
Holdings
Withdrawn status Lost status Source of classification or shelving scheme Damaged status Not for loan Collection Home library Current library Date acquired Total Checkouts Total Renewals Barcode Date last seen Date last checked out Price effective from Koha item type Date due
    Dewey Decimal Classification     Physics Fr. Agnel's C.Rodrigues College of Engineering AGNEL TECHNICAL COLLEGE LIBRARY 02/11/2023 10 2 26277 10/03/2026 02/03/2026 02/11/2023 BOOK  
    Dewey Decimal Classification     Physics Fr. Agnel's C.Rodrigues College of Engineering AGNEL TECHNICAL COLLEGE LIBRARY 02/11/2023 4 1 26279 06/11/2025 06/11/2025 02/11/2023 BOOK 16/11/2025
    Dewey Decimal Classification     Physics Fr. Agnel's C.Rodrigues College of Engineering AGNEL TECHNICAL COLLEGE LIBRARY 02/11/2023 4 3 26280 11/11/2025 09/10/2025 02/11/2023 BOOK  
    Dewey Decimal Classification     Physics Fr. Agnel's C.Rodrigues College of Engineering AGNEL TECHNICAL COLLEGE LIBRARY 02/11/2023 6 2 26281 10/03/2026 06/11/2025 02/11/2023 BOOK  
    Dewey Decimal Classification     Physics Fr. Agnel's C.Rodrigues College of Engineering Fr. Agnel's C.Rodrigues College of Engineering 02/11/2023 6 1 26278 12/03/2026 02/03/2026 02/11/2023 BOOK